00345nam a2200133Ia 4500003000400000008004100004040001600045082002000061245005000081260002800131490000500159650001900164650002800183GCL140319s9999 xx 000 0 ara d aGCL / cGCL04aكاسيتb34410aالجديد فى تعليم الموسيقى a[S.N] : bلا يوجد a04aالاغانى04aشرائط كاسيت